[Event "32nd ECC Open 2016"]
[Site "Novi Sad SRB"]
[Date "2016.11.12"]
[Round "7.4"]
[Board "3"]
[White "Gelfand, Boris"]
[Black "Smirin, Ilia"]
[Result "1/2-1/2"]
[WhiteTitle "GM"]
[BlackTitle "GM"]
[WhiteElo "2720"]
[BlackElo "2674"]
[WhiteTeam "OR Padova"]
[BlackTeam "Ashdod"]
[WhiteFideId "2805677"]
[BlackFideId "2801990"]
[EventDate "2016.11.06"]

1. d4 Nf6 2. c4 g6 3. Nc3 Bg7 4. e4 d6 5. Be2 O-O 6. Nf3 e5 7. O-O Nc6 8. d5 Ne7
9. b4 Nh5 10. c5 Nf4 11. Bxf4 exf4 12. Rc1 a5 13. cxd6 cxd6 14. bxa5 h6 15. Nd2
Rxa5 16. a4 Bd7 17. Nb5 Bxb5 18. Bxb5 Ra8 19. Qg4 g5 20. Qd7 Qxd7 21. Bxd7 Ng6
22. Nc4 Rfd8 23. Nb6 Ra6 24. Rc8 Rf8 25. Nc4 Rxc8 26. Bxc8 Ne5 27. Bxb7 Rxa4 28.
Nxd6 Rb4 29. Ba8 Bf8 30. Nf5 Ra4 31. Bb7 Rb4 32. Bc8 Rc4 33. Ba6 Ra4 34. Bb5 Rb4
35. Ba6 Ra4 36. Bb5 Rb4 37. Ba6 1/2-1/2

[Event "32nd ECC Open 2016"]
[Site "Novi Sad SRB"]
[Date "2016.11.12"]
[Round "7.4"]
[Board "4"]
[White "Volokitin, Andrei"]
[Black "Leko, Peter"]
[Result "1/2-1/2"]
[WhiteTitle "GM"]
[BlackTitle "GM"]
[WhiteElo "2668"]
[BlackElo "2693"]
[WhiteTeam "Ashdod"]
[BlackTeam "OR Padova"]
[WhiteFideId "14107090"]
[BlackFideId "703303"]
[EventDate "2016.11.06"]

1. e4 e5 2. Nf3 Nc6 3. Bb5 Nf6 4. O-O Nxe4 5. d4 Nd6 6. Bxc6 dxc6 7. dxe5 Nf5 8.
Qxd8+ Kxd8 9. h3 Ke8 10. Nc3 h5 11. Ne2 b6 12. Bg5 Bb7 13. Ng3 Nxg3 14. fxg3 Ba6
15. Rfe1 Bc4 16. Rad1 Be7 17. Bxe7 Kxe7 18. Nd4 c5 19. Nf5+ Kf8 20. Ne3 Be6 21.
Nd5 Bxd5 22. Rxd5 Ke7 23. Red1 Ke6 24. Kf2 Rae8 25. Kf3 Rhf8 26. g4 hxg4+ 27.
Kxg4 f6 28. exf6 Kxf6 29. Rd7 Kg6 30. R1d2 Re4+ 31. Kg3 Re3+ 32. Kh2 Rf7 33.
Rxf7 Kxf7 34. Rd7+ Kg6 35. Rxc7 Re2 36. Rxa7 Rxc2 37. b3 b5 38. Ra6+ Kh7 39. Ra5
b4 40. Ra4 Kg6 41. h4 Kh5 42. Kh3 Rc3+ 43. g3 g5 44. hxg5 Kxg5 45. Ra5 Rc2 46.
Ra8 c4 47. Ra5+ Kg6 48. bxc4 Rxc4 49. Ra4 Rc2 50. Kh4 Rb2 51. Ra6+ Kf7 52. Kg5
b3 53. Ra7+ Kf8 54. a3 Rc2 55. Rb7 b2 56. g4 Rc5+ 57. Kg6 Rc6+ 58. Kh5 Ra6 59.
Rxb2 Rxa3 60. Kg6 Ra6+ 61. Kh7 Ra7+ 62. Kh8 Kf7 63. Kh7 Kf8+ 64. Kg6 1/2-1/2

[Event "32nd ECC Open 2016"]
[Site "Novi Sad SRB"]
[Date "2016.11.12"]
[Round "7.4"]
[Board "5"]
[White "Bacrot, Etienne"]
[Black "Moiseenko, Alexander"]
[Result "1/2-1/2"]
[WhiteTitle "GM"]
[BlackTitle "GM"]
[WhiteElo "2691"]
[BlackElo "2650"]
[WhiteTeam "OR Padova"]
[BlackTeam "Ashdod"]
[WhiteFideId "605506"]
[BlackFideId "14102560"]
[EventDate "2016.11.06"]

1. e4 c5 2. Nf3 Nc6 3. Nc3 Nf6 4. Bb5 Qc7 5. O-O Nd4 6. Re1 a6 7. Bf1 d6 8. Nd5
Nxd5 9. exd5 g6 10. c3 Nxf3+ 11. Qxf3 Bg7 12. d4 cxd4 13. Bg5 f6 14. Bf4 dxc3
15. Rac1 O-O 16. Rxc3 Qd8 17. h4 Bd7 18. Rb3 b5 19. Rbe3 Rf7 20. Bd3 f5 21. Bg5
Bf6 22. Bxf6 exf6 23. Qf4 Qb6 24. Re7 Raf8 25. b4 Rxe7 26. Rxe7 Rf7 27. Re1 Kg7
28. a3 Rf8 29. Re7+ Rf7 30. Re1 Rf8 1/2-1/2

[Event "32nd ECC Open 2016"]
[Site "Novi Sad SRB"]
[Date "2016.11.12"]
[Round "7.4"]
[Board "6"]
[White "Georgiev, Kiril"]
[Black "Vocaturo, Daniele"]
[Result "1/2-1/2"]
[WhiteTitle "GM"]
[BlackTitle "GM"]
[WhiteElo "2621"]
[BlackElo "2599"]
[WhiteTeam "Ashdod"]
[BlackTeam "OR Padova"]
[WhiteFideId "2900017"]
[BlackFideId "813192"]
[EventDate "2016.11.06"]

1. d4 Nf6 2. Nf3 g6 3. g3 Bg7 4. Bg2 O-O 5. O-O d5 6. c4 dxc4 7. Na3 c3 8. bxc3
c5 9. e3 Nc6 10. Qe2 Bf5 11. Bb2 Qb6 12. Rfc1 Rfd8 13. Bf1 Na5 14. Ne5 Rac8 15.
Nac4 Nxc4 16. Nxc4 Qe6 17. a4 h5 18. Nd2 cxd4 19. cxd4 Rxc1 20. Rxc1 Ne4 21. Bg2
Nxd2 22. Qxd2 Be4 23. Bxe4 Qxe4 24. Qc2 Qf3 25. h4 Rd6 26. Qc7 Rf6 27. Rf1 Re6
28. Qd8+ Kh7 29. d5 Rxe3 30. Bxg7 Kxg7 31. fxe3 Qxg3+ 32. Kh1 Qh3+ 1/2-1/2

[Event "32nd ECC Open 2016"]
[Site "Novi Sad SRB"]
[Date "2016.11.12"]
[Round "7.5"]
[Board "1"]
[White "Schroeder, Jan-Christian"]
[Black "Sjugirov, Sanan"]
[Result "1/2-1/2"]
[WhiteTitle "GM"]
[BlackTitle "GM"]
[WhiteElo "2521"]
[BlackElo "2664"]
[WhiteTeam "The Smashing Pawns Bieles"]
[BlackTeam "Zhiguli"]
[WhiteFideId "24662259"]
[BlackFideId "4189302"]
[EventDate "2016.11.06"]

1. e4 c6 2. d4 d5 3. Nc3 dxe4 4. Nxe4 Bf5 5. Ng3 Bg6 6. Nh3 Nf6 7. Nf4 e5 8.
dxe5 Qa5+ 9. c3 Qxe5+ 10. Qe2 Nbd7 11. Qxe5+ Nxe5 12. Be3 Neg4 13. Bd4 Bd6 14.
Nxg6 hxg6 15. Be2 Rxh2 16. Rxh2 Nxh2 17. O-O-O Nhg4 18. Kc2 Ke7 19. Bxg4 Nxg4
20. Ne4 Be5 21. Bc5+ Ke6 22. Ng5+ Kf6 23. Nh7+ Kf5 24. Rd7 b6 25. Rxf7+ Bf6 26.
Bf8 g5 27. Rc7 Kg6 28. Nxf6 gxf6 29. Be7 c5 30. f3 Ne3+ 31. Kd2 Nc4+ 32. Kc1 Ne3
33. g4 a5 34. Rc6 Nd5 35. Bd6 Re8 36. c4 Nb4 37. Rxb6 Re2 38. Bxc5 Nd3+ 39. Kd1
Rxb2 40. Bd4 Rxb6 41. Bxb6 Nb2+ 42. Ke2 Nxc4 43. Bc7 a4 44. Kd3 Na3 45. Bb6 f5
46. Bc5 Nb5 47. Kc4 Nc7 48. Kb4 fxg4 49. fxg4 Na6+ 50. Kb5 Nxc5 51. Kxc5 Kf6 52.
Kd5 a3 53. Kd6 Kf7 54. Ke5 Ke7 55. Kf5 Kf7 56. Kxg5 Kg7 57. Kf5 Kf7 58. g5 Kg7
59. g6 Kg8 60. Kf6 Kf8 61. g7+ Kg8 62. Kg6 1/2-1/2

[Event "32nd ECC Open 2016"]
[Site "Novi Sad SRB"]
[Date "2016.11.12"]
[Round "7.5"]
[Board "2"]
[White "Oparin, Grigoriy"]
[Black "Frischmann, Rick"]
[Result "1-0"]
[WhiteTitle "GM"]
[WhiteElo "2621"]
[BlackElo "2312"]
[WhiteTeam "Zhiguli"]
[BlackTeam "The Smashing Pawns Bieles"]
[WhiteFideId "24125890"]
[BlackFideId "24660752"]
[EventDate "2016.11.06"]

1. e4 c5 2. Nf3 e6 3. d4 cxd4 4. Nxd4 a6 5. Bd3 Qc7 6. O-O Nf6 7. Qe2 d6 8. c4
g6 9. Nc3 Bg7 10. f4 O-O 11. Nf3 b6 12. Be3 Bb7 13. Rac1 Nbd7 14. b4 Rac8 15. a3
Qb8 16. Bd2 Rfe8 17. Rfe1 Rcd8 18. h3 Qa8 19. Qf2 Bf8 20. Re2 d5 21. cxd5 exd5
22. e5 Ne4 23. Bxe4 dxe4 24. Nd4 Bg7 25. Be3 Nf8 26. Na4 b5 27. Nc5 Bd5 28. Rd2
f6 29. exf6 Bxf6 30. f5 Be5 31. Rcd1 Bc4 32. Qh4 gxf5 33. Nxf5 Rxd2 34. Rxd2 Ng6
35. Qg5 Bd3 36. h4 Qd8 37. Nh6+ Kg7 38. Ne6+ 1-0

[Event "32nd ECC Open 2016"]
[Site "Novi Sad SRB"]
[Date "2016.11.12"]
[Round "7.5"]
[Board "3"]
[White "Wild, Achim"]
[Black "Predke, Alexandr"]
[Result "0-1"]
[BlackTitle "GM"]
[WhiteElo "2230"]
[BlackElo "2579"]
[WhiteTeam "The Smashing Pawns Bieles"]
[BlackTeam "Zhiguli"]
[WhiteFideId "4658728"]
[BlackFideId "24107581"]
[EventDate "2016.11.06"]

1. Nf3 Nf6 2. c4 b6 3. g3 Bb7 4. Bg2 c5 5. O-O g6 6. Nc3 Bg7 7. d4 cxd4 8. Qxd4
Nc6 9. Qf4 Rc8 10. Rb1 d6 11. b3 O-O 12. Qh4 Ne5 13. Bh6 Nxf3+ 14. Bxf3 Bxf3 15.
Bxg7 Kxg7 16. exf3 Qd7 17. Qd4 Kg8 18. Kg2 Qf5 19. Rbd1 Qc5 20. Rfe1 Rfe8 21.
Re3 Qxd4 22. Rxd4 Kf8 23. f4 a6 24. a4 Rc6 25. Rd1 Rec8 26. Na2 Ra8 27. Nb4 Rc5
28. Rde1 Ra7 29. Ra1 Rcc7 30. Ree1 e6 31. Red1 Ke7 32. a5 Rab7 33. Nxa6 Rc8 34.
axb6 Rxb6 35. Ra3 Rcc6 36. Rda1 Ne4 37. R1a2 Nc3 38. Ra1 Ne2 39. R1a2 Nd4 40.
Rd2 Rxb3 41. Rxb3 Nxb3 42. Rb2 Na5 43. Nb8 Rc7 0-1

[Event "32nd ECC Open 2016"]
[Site "Novi Sad SRB"]
[Date "2016.11.12"]
[Round "7.5"]
[Board "4"]
[White "Frolyanov, Dmitry"]
[Black "Jeitz, Christian"]
[Result "1/2-1/2"]
[WhiteTitle "GM"]
[WhiteElo "2539"]
[BlackElo "2173"]
[WhiteTeam "Zhiguli"]
[BlackTeam "The Smashing Pawns Bieles"]
[WhiteFideId "4151976"]
[BlackFideId "4000803"]
[EventDate "2016.11.06"]

1. e4 c5 2. Nf3 Nc6 3. d4 cxd4 4. Nxd4 e6 5. Nc3 a6 6. Nxc6 bxc6 7. Bd3 d5 8.
O-O Nf6 9. Re1 Be7 10. e5 Nd7 11. Qg4 g6 12. Bh6 Rb8 13. Nd1 Rb4 14. c4 Qa5 15.
Qe2 Nc5 16. Ne3 Nxd3 17. Qxd3 Bf8 18. Bg5 Rxb2 19. Ng4 Bg7 20. Qe3 Qb6 21. Qf4
h6 22. Bf6 Kf8 23. Rac1 Bd7 24. Bxg7+ Kxg7 25. Qf6+ Kg8 26. Qe7 Qd4 27. h3 h5
28. Ne3 Rb7 29. Qf6 Rh7 30. cxd5 cxd5 31. Rb1 Qa7 32. Rec1 Rh8 33. Qe7 Kg7 34.
Qf6+ Kg8 35. Nf1 Rxb1 36. Rxb1 Bb5 37. Nd2 Kh7 38. Nf3 Re8 39. g4 Qe7 40. Qf4
hxg4 41. hxg4 Kg7 42. Kg2 Rh8 43. Rc1 Bd3 44. Ng5 Be2 45. Rc2 Bd3 46. Rc3 Be2
47. Re3 Bd1 48. Rd3 Be2 49. Rd4 Bb5 50. a4 Bc4 51. Qe3 Kg8 52. Qf4 Kg7 53. Rd2
Rc8 54. Rd1 Rh8 55. Rd4 Rh4 56. Qe3 Kg8 57. Nf3 Rh8 58. Ng5 Rh4 59. Qf4 Kg7 60.
Qc1 Kg8 61. Nf3 Rh8 62. Qf4 Kg7 63. Ng5 Rh4 1/2-1/2

[Event "32nd ECC Open 2016"]
[Site "Novi Sad SRB"]
[Date "2016.11.12"]
[Round "7.5"]
[Board "5"]
[White "Linster, Philippe"]
[Black "Geller, Jakov"]
[Result "0-1"]
[BlackTitle "GM"]
[WhiteElo "2229"]
[BlackElo "2488"]
[WhiteTeam "The Smashing Pawns Bieles"]
[BlackTeam "Zhiguli"]
[WhiteFideId "4001206"]
[BlackFideId "4151984"]
[EventDate "2016.11.06"]

1. d4 Nf6 2. Nf3 d5 3. c4 e6 4. g3 dxc4 5. Bg2 a6 6. O-O Nc6 7. Nc3 Be7 8. e4
O-O 9. Qe2 b5 10. Rd1 Bb7 11. d5 exd5 12. e5 d4 13. exf6 Bxf6 14. Ne4 Re8 15.
Bf4 Nb4 16. Nxf6+ Qxf6 17. Qd2 c5 18. Re1 Nd3 19. Rxe8+ Rxe8 20. Ne1 Bxg2 21.
Nxd3 Bc6 22. Ne5 Rxe5 0-1

[Event "32nd ECC Open 2016"]
[Site "Novi Sad SRB"]
[Date "2016.11.12"]
[Round "7.5"]
[Board "6"]
[White "Brodsky, Michail"]
[Black "Jacques, Robert"]
[Result "1-0"]
[WhiteTitle "GM"]
[WhiteElo "2523"]
[BlackElo "2129"]
[WhiteTeam "Zhiguli"]
[BlackTeam "The Smashing Pawns Bieles"]
[WhiteFideId "14100932"]
[BlackFideId "603643"]
[EventDate "2016.11.06"]

1. d4 e6 2. c4 Nf6 3. Nc3 Bb4 4. e3 O-O 5. Bd3 d6 6. Ne2 e5 7. O-O Re8 8. a3
Bxc3 9. Nxc3 Nc6 10. d5 Ne7 11. b4 a5 12. Bd2 c6 13. e4 Bg4 14. Qb3 axb4 15.
axb4 Rxa1 16. Rxa1 Bc8 17. Bf1 Ng6 18. Ra8 Nf4 19. g3 Ng6 20. dxc6 bxc6 21. b5
Qb6 22. Qa3 cxb5 23. cxb5 Ng4 24. Qa7 Qxa7 25. Rxa7 Nf6 26. b6 Be6 27. b7 Nd7
28. Nb5 Ne7 29. Nxd6 Rd8 30. Ra8 Nc6 31. Ba5 Rf8 32. Bc7 Ncb8 33. Bb5 1-0

[Event "32nd ECC Open 2016"]
[Site "Novi Sad SRB"]
[Date "2016.11.12"]
[Round "7.6"]
[Board "1"]
[White "Radovanovic, Nikola"]
[Black "Navara, David"]
[Result "1/2-1/2"]
[WhiteTitle "IM"]
[BlackTitle "GM"]
[WhiteElo "2411"]
[BlackElo "2725"]
[WhiteTeam "Omladinski Sahovski Klub Paracin"]
[BlackTeam "AVE Novy Bor"]
[WhiteFideId "900087"]
[BlackFideId "309095"]
[EventDate "2016.11.06"]

1. d4 Nf6 2. c4 e6 3. Nc3 Bb4 4. e3 O-O 5. Ne2 Re8 6. a3 Bf8 7. Ng3 d5 8. cxd5
exd5 9. b4 c6 10. Bd3 Nbd7 11. O-O Nb6 12. Bb2 Nc4 13. Bxc4 dxc4 14. e4 a5 15.
e5 axb4 16. axb4 Rxa1 17. Bxa1 Nd5 18. Nxd5 Qxd5 19. Bc3 Bd7 20. Qa1 b6 21. Rd1
h5 22. Nf1 Be6 23. Qa6 Qe4 24. Rc1 h4 25. Re1 Qg6 26. Ne3 h3 27. Qa2 hxg2 28. f4
Rd8 29. Qxg2 Qd3 30. Qb2 g6 31. Ng2 Bd5 32. Qd2 Qxd2 33. Bxd2 Bxg2 34. Kxg2 Rxd4
35. Be3 Rd3 36. Bxb6 Bxb4 37. Re4 Rd2+ 38. Kg3 Rb2 39. Be3 Re2 40. Kf3 Rc2 41.
h4 Kf8 42. Kg4 c5 43. f5 c3 44. Rc4 Ke7 45. Bxc5+ Bxc5 46. Rxc5 Rc1 47. fxg6
fxg6 48. Kg3 Ke6 49. Kg2 Kf5 50. Kf3 c2 51. Kg2 Ke4 52. e6 Kd3 53. e7 Re1 54.
Rd5+ Kc3 55. Rc5+ Kb3 56. Rb5+ Ka3 57. Rc5 Kb3 58. Rb5+ Kc4 59. Rb7 Re5 60. Rc7+
Kb3 61. Rb7+ Kc3 62. Rc7+ Kd3 63. Rd7+ Ke2 64. Rc7 Kd1 65. Rd7+ Ke2 1/2-1/2

[Event "32nd ECC Open 2016"]
[Site "Novi Sad SRB"]
[Date "2016.11.12"]
[Round "7.6"]
[Board "2"]
[White "Shirov, Alexei"]
[Black "Brankovic, Dejan"]
[Result "1-0"]
[WhiteTitle "GM"]
[BlackTitle "FM"]
[WhiteElo "2677"]
[BlackElo "2373"]
[WhiteTeam "AVE Novy Bor"]
[BlackTeam "Omladinski Sahovski Klub Paracin"]
[WhiteFideId "2209390"]
[BlackFideId "921602"]
[EventDate "2016.11.06"]

1. d4 Nf6 2. c4 g6 3. Nc3 Bg7 4. e4 d6 5. Be2 O-O 6. Nf3 e5 7. O-O exd4 8. Nxd4
Re8 9. f3 c6 10. Kh1 Nh5 11. g4 Nf6 12. Be3 h5 13. g5 Nh7 14. Qd2 Na6 15. Rad1
Qe7 16. Rg1 Bh3 17. Bd3 Nb4 18. Bb1 d5 19. Rg3 c5 20. cxd5 cxd4 21. Bxd4 Bxd4
22. Qxd4 Rad8 23. Rxh3 Nxg5 24. Rxh5 gxh5 25. Rg1 Rd6 26. Qxb4 Rg6 27. Qxe7 Rxe7
28. d6 Rd7 29. e5 Rg7 30. Nd5 Rd8 31. Nf6+ Kf8 1-0

[Event "32nd ECC Open 2016"]
[Site "Novi Sad SRB"]
[Date "2016.11.12"]
[Round "7.6"]
[Board "4"]
[White "Laznicka, Viktor"]
[Black "Cvetanovic, Uros"]
[Result "1-0"]
[WhiteTitle "GM"]
[BlackTitle "CM"]
[WhiteElo "2664"]
[BlackElo "2269"]
[WhiteTeam "AVE Novy Bor"]
[BlackTeam "Omladinski Sahovski Klub Paracin"]
[WhiteFideId "316385"]
[BlackFideId "900672"]
[EventDate "2016.11.06"]

1. d4 Nf6 2. c4 e6 3. Nf3 b6 4. g3 Bb7 5. Bg2 Bb4+ 6. Bd2 Bxd2+ 7. Qxd2 O-O 8.
O-O d6 9. Nc3 Nbd7 10. d5 e5 11. b4 Qe7 12. e4 Rac8 13. Qd3 Nh5 14. Nd2 g6 15.
Nb3 a6 16. Rac1 Rce8 17. a4 f5 18. a5 Bc8 19. axb6 cxb6 20. c5 dxc5 21. d6 Qg5
22. bxc5 bxc5 23. Nd5 fxe4 24. Qc4 Kh8 25. Nc7 Nf4 26. h4 Qg4 27. gxf4 exf4 28.
Qc3+ Nf6 29. f3 exf3 30. Qxf3 Re3 31. Qxg4 Bxg4 32. Nxc5 f3 33. Bh1 Nh5 34. Rf2
Nf4 35. Kh2 Nh3 36. Rd2 f2 37. Bg2 Ng1 38. Rf1 Ne2 39. Nd5 Re5 40. d7 Kg7 41.
Rxf2 Rd8 42. Nf6 Rxc5 43. Nxg4 Nc3 44. Rf1 h5 45. Nf6 Rc4 46. Kh3 g5 47. Ne8+ 1-0

[Event "32nd ECC Open 2016"]
[Site "Novi Sad SRB"]
[Date "2016.11.12"]
[Round "7.6"]
[Board "5"]
[White "Ivic, Matija"]
[Black "Sasikiran, Krishnan"]
[Result "0-1"]
[BlackTitle "GM"]
[WhiteElo "2231"]
[BlackElo "2654"]
[WhiteTeam "Omladinski Sahovski Klub Paracin"]
[BlackTeam "AVE Novy Bor"]
[WhiteFideId "953687"]
[BlackFideId "5004985"]
[EventDate "2016.11.06"]

1. d4 Nf6 2. Nf3 e6 3. g3 d5 4. Bg2 b5 5. c3 Nbd7 6. O-O Bb7 7. Qb3 a6 8. a4 c5
9. Nbd2 Be7 10. e4 Nxe4 11. Nxe4 dxe4 12. Nd2 Bd5 13. Qc2 f5 14. f3 e3 15. Nb1
cxd4 16. axb5 Rc8 17. Rd1 Qb6 18. Rxa6 Qxb5 19. Bf1 Qc5 20. Be2 O-O 21. Qd3 Ne5
22. Qxd4 Nxf3+ 23. Bxf3 Bxf3 24. Re1 f4 25. Rxe6 Qxd4 26. cxd4 Bb4 27. Nc3 Bg4
28. Re4 Rxc3 29. bxc3 Bxc3 30. Ba3 f3 31. Rf1 f2+ 0-1

[Event "32nd ECC Open 2016"]
[Site "Novi Sad SRB"]
[Date "2016.11.12"]
[Round "7.6"]
[Board "6"]
[White "Bartel, Mateusz"]
[Black "Dezelin, Milan"]
[Result "1-0"]
[WhiteTitle "GM"]
[BlackTitle "FM"]
[WhiteElo "2646"]
[BlackElo "2220"]
[WhiteTeam "AVE Novy Bor"]
[BlackTeam "Omladinski Sahovski Klub Paracin"]
[WhiteFideId "1112635"]
[BlackFideId "933015"]
[EventDate "2016.11.06"]

1. d4 Nf6 2. c4 e6 3. Nc3 Bb4 4. Nf3 c5 5. g3 Ne4 6. Bd2 Nxd2 7. Qxd2 cxd4 8.
Nxd4 a6 9. Bg2 Qc7 10. O-O O-O 11. Rac1 Nc6 12. Rfd1 Nxd4 13. Qxd4 Bc5 14. Qd2
a5 15. Ne4 Ra6 16. a3 a4 17. Rc3 f5 18. Nxc5 Qxc5 19. Rd3 Rb6 20. h4 Qe5 21. Rd4
Qc5 22. e3 Rb3 23. Rc1 Rd8 24. Bf3 Rb6 25. Bd1 Ra6 26. Qb4 Qxb4 27. axb4 a3 28.
bxa3 Rxa3 29. c5 Kf8 30. Rd6 Ke7 31. Bf3 Ra6 32. Rcd1 Re8 1-0

[Event "32nd ECC Open 2016"]
[Site "Novi Sad SRB"]
[Date "2016.11.12"]
[Round "7.7"]
[Board "1"]
[White "Sprenger, Jan Michael"]
[Black "Van Wely, Loek"]
[Result "0-1"]
[WhiteTitle "IM"]
[BlackTitle "GM"]
[WhiteElo "2512"]
[BlackElo "2685"]
[WhiteTeam "LSG IntelliMagic"]
[BlackTeam "Schachgesellschaft Zurich"]
[WhiteFideId "4646258"]
[BlackFideId "1000268"]
[EventDate "2016.11.06"]

1. e4 c5 2. Nf3 e6 3. d4 cxd4 4. Nxd4 a6 5. Nc3 Qc7 6. Bd3 Nf6 7. O-O d6 8. f4
Nbd7 9. Kh1 b5 10. Qe2 Bb7 11. Bd2 Be7 12. b4 O-O 13. a4 bxa4 14. Rxa4 Rfc8 15.
Raa1 g6 16. Nf3 Bf8 17. Rae1 Bg7 18. Nd1 d5 19. exd5 Nxd5 20. Ne5 Nxe5 21. fxe5
Qe7 22. Qg4 Rc7 23. Ne3 Nxe3 24. Rxe3 Rd8 25. b5 Rxc2 26. Bxc2 Rxd2 27. Be4 axb5
28. Re2 h5 29. Qf3 Bxe4 30. Rxe4 Rd7 31. h3 b4 32. Qb3 Rb7 33. Ref4 Qc5 34. Rc4
Qa5 35. Qf3 Qb5 36. Rf4 Qd7 37. Qb3 Qb5 38. Qf3 Qd7 39. Qb3 Qd5 40. Qxd5 exd5
41. Rb1 b3 42. Rf3 b2 43. Re3 Bh6 44. Rd3 Rb5 45. g3 Kf8 46. Kg2 Ke7 47. Rf3 Bg7
48. Re3 Ke6 49. Kf3 Bxe5 50. Ke2 Kd6 51. Ra3 Rc5 52. Ra6+ Ke7 53. Kd2 h4 54.
Ra7+ Kf8 55. Rf1 f6 56. Ra8+ Kg7 57. Ra7+ Kh6 58. gxh4 Rc1 59. Rxc1 Bf4+ 0-1

[Event "32nd ECC Open 2016"]
[Site "Novi Sad SRB"]
[Date "2016.11.12"]
[Round "7.7"]
[Board "2"]
[White "Bauer, Christian"]
[Black "Pijpers, Arthur"]
[Result "1/2-1/2"]
[WhiteTitle "GM"]
[BlackTitle "IM"]
[WhiteElo "2632"]
[BlackElo "2465"]
[WhiteTeam "Schachgesellschaft Zurich"]
[BlackTeam "LSG IntelliMagic"]
[WhiteFideId "603767"]
[BlackFideId "1019554"]
[EventDate "2016.11.06"]

1. e4 e6 2. Qe2 c5 3. Nf3 Nc6 4. g3 g6 5. Bg2 Bg7 6. O-O Nge7 7. c3 O-O 8. d3 b6
9. h4 h6 10. Na3 d5 11. e5 Nf5 12. Re1 Ba6 13. Nc2 Rc8 14. Bf4 d4 15. c4 b5 16.
cxb5 Bxb5 17. Na3 Ba6 18. Rec1 Nb4 19. Nc4 Nd5 20. Bd2 Qe7 21. Nh2 Nb6 22. Na5
Nd7 23. Ng4 Qd8 24. Nc6 Qb6 25. Ba5 Qb5 26. b4 Qxd3 27. Qxd3 Bxd3 28. bxc5 Be2
29. Nf6+ Nxf6 30. exf6 Bxf6 31. Nxa7 Ra8 32. Bb6 d3 33. Rab1 Rab8 34. a4 Nd4 35.
a5 Bd8 36. Rd1 Bxd1 37. Rxd1 Nb3 38. Nc6 Bxb6 39. cxb6 Nxa5 40. Nxa5 Rxb6 41.
Rxd3 Rc8 42. Nb3 Rc2 43. Bf3 Ra6 44. Be4 Kg7 45. Rd7 Re2 46. Bd3 Re1+ 47. Kg2
Ra3 48. Bc4 Kf6 49. Nd2 Rc3 50. Bd3 Kg7 51. Nf3 Rec1 52. Ne5 1/2-1/2

[Event "32nd ECC Open 2016"]
[Site "Novi Sad SRB"]
[Date "2016.11.12"]
[Round "7.7"]
[Board "3"]
[White "Van Haastert, Edwin"]
[Black "Pelletier, Yannick"]
[Result "1/2-1/2"]
[WhiteTitle "IM"]
[BlackTitle "GM"]
[WhiteElo "2448"]
[BlackElo "2566"]
[WhiteTeam "LSG IntelliMagic"]
[BlackTeam "Schachgesellschaft Zurich"]
[WhiteFideId "1003992"]
[BlackFideId "1301837"]
[EventDate "2016.11.06"]

1. e4 c6 2. d4 d5 3. Nc3 dxe4 4. Nxe4 Bf5 5. Ng3 Bg6 6. h4 h6 7. Nf3 Nd7 8. h5
Bh7 9. Bd3 Bxd3 10. Qxd3 e6 11. Bd2 Ngf6 12. O-O-O Be7 13. Kb1 Qb6 14. Rhe1 O-O
15. Nf5 exf5 16. Rxe7 Rae8 17. Rxe8 Rxe8 18. Qxf5 Qb5 19. Qxb5 cxb5 20. Re1
Rxe1+ 21. Nxe1 Nxh5 22. c3 f5 23. Kc2 Kf7 24. Kd3 Nhf6 25. b3 g5 26. c4 a6 27.
a4 bxa4 28. bxa4 Ne4 29. Be3 Ke6 30. f3 Nef6 31. a5 f4 32. d5+ Kd6 33. Ba7 Nc5+
34. Bxc5+ Kxc5 35. Kc3 b5 36. axb6 Kxb6 37. Kd4 a5 38. c5+ Kc7 39. Nc2 h5 40.
Na3 g4 41. Nb5+ Kd8 42. c6 gxf3 43. gxf3 h4 44. d6 Ne8 45. Ke5 h3 46. d7 Nc7 47.
Nd6 Ke7 48. Nf5+ Kd8 49. Nh6 Ke7 50. Nf5+ Kd8 51. Nd6 Ke7 1/2-1/2

[Event "32nd ECC Open 2016"]
[Site "Novi Sad SRB"]
[Date "2016.11.12"]
[Round "7.7"]
[Board "4"]
[White "Studer, Noel"]
[Black "Bosman, Michiel"]
[Result "1/2-1/2"]
[WhiteTitle "IM"]
[BlackTitle "FM"]
[WhiteElo "2436"]
[BlackElo "2353"]
[WhiteTeam "Schachgesellschaft Zurich"]
[BlackTeam "LSG IntelliMagic"]
[WhiteFideId "1319620"]
[BlackFideId "1000721"]
[EventDate "2016.11.06"]

1. d4 Nf6 2. c4 e6 3. g3 d5 4. Nf3 Bb4+ 5. Bd2 Be7 6. Bg2 O-O 7. O-O c6 8. Qc2
Nbd7 9. Bf4 b6 10. Rd1 Bb7 11. Ne5 Nh5 12. Bc1 Nhf6 13. Bf4 Nh5 14. Be3 Nhf6 15.
cxd5 cxd5 16. Nc6 Bxc6 17. Qxc6 Ne8 18. Qc2 Nd6 19. Nc3 Nf6 20. f3 Rc8 21. Rac1
Nb5 22. Qd3 Nxc3 23. Rxc3 Rxc3 24. Qxc3 Qc8 25. Qxc8 Rxc8 26. Rc1 Rxc1+ 27. Bxc1
Kf8 28. Kf2 Ke8 29. Ke3 Kd7 30. Kd3 Kc6 31. Bh3 Ne8 32. e4 Nc7 33. Bg2 Kd7 34.
g4 dxe4+ 35. fxe4 e5 36. d5 h6 37. Bd2 Nb5 38. Bf3 Nd6 39. Bc3 f6 40. Bd1 g5 41.
Be1 Kc7 42. Bf2 Bf8 43. Ba4 Be7 44. h4 Bf8 45. h5 Be7 46. Be1 Bf8 47. Bb4 Be7
48. Be8 Bf8 49. Bg6 Be7 50. a4 Bf8 51. Be1 Be7 52. Bf2 Bf8 53. Kc3 Be7 54. Kb3
Bf8 55. a5 Be7 56. Be1 Bf8 57. Bb4 Be7 58. Ka4 Bf8 59. axb6+ axb6 60. Bxd6+ Bxd6
61. Kb5 Kb7 62. Bf5 Kc7 63. Be6 Kb7 64. Bd7 Kc7 65. Bc6 Be7 66. Ba8 Bd6 67. Kc4
Kb8 68. Bc6 Kc7 69. Kb5 Be7 70. Be8 Bd6 71. b3 Kb7 72. Bc6+ Kc7 73. Ba8 Be7 74.
Bc6 1/2-1/2

[Event "32nd ECC Open 2016"]
[Site "Novi Sad SRB"]
[Date "2016.11.12"]
[Round "7.7"]
[Board "5"]
[White "Van der Werf, Mark"]
[Black "Vogt, Lothar"]
[Result "1/2-1/2"]
[WhiteTitle "IM"]
[BlackTitle "GM"]
[WhiteElo "2412"]
[BlackElo "2409"]
[WhiteTeam "LSG IntelliMagic"]
[BlackTeam "Schachgesellschaft Zurich"]
[WhiteFideId "1000470"]
[BlackFideId "4611292"]
[EventDate "2016.11.06"]

1. d4 Nf6 2. c4 g6 3. Nc3 Bg7 4. e4 d6 5. h3 O-O 6. Bg5 a6 7. Nf3 Nbd7 8. Bd3 c6
9. O-O e5 10. Qd2 b5 11. a3 Bb7 12. dxe5 Nxe5 13. Be2 Nxc4 14. Bxc4 bxc4 15.
Rad1 c5 16. Qf4 Nh5 17. Qc1 Qc7 18. Nd2 f6 19. Be3 f5 20. Nxc4 f4 21. Bd2 f3 22.
g4 Nf6 23. Bf4 Nxg4 24. Bxd6 Qf7 25. Bxf8 Rxf8 26. Nd5 Bxd5 27. Rxd5 Bh6 28. Nd6
Qxd5 29. exd5 Bxc1 30. Rxc1 Nf6 31. Rxc5 Rd8 32. Nc4 Nxd5 1/2-1/2